| 000 | 00778nam a2200253 a 4500 | ||
|---|---|---|---|
| 999 |
_c2199 _d2199 |
||
| 001 | 017259549 | ||
| 003 | UkOxU | ||
| 005 | 20230327111454.0 | ||
| 008 | 080715r20082003enka j 000 1 eng d | ||
| 015 |
_aGBA890721 _2bnb |
||
| 020 | _a9780440868545 (pbk.) | ||
| 035 | _a(Uk)014674008 | ||
| 040 |
_aStDuBDS _beng _cStDuBDS |
||
| 082 | 0 | 4 |
_a823.914 WIL _222 |
| 100 | 1 |
_aWilson, Jacqueline. _eauthor |
|
| 245 | 1 | 0 |
_aMidnight / _cJacqueline Wilson ; illustrated by Nick Sharratt. |
| 260 |
_aLondon : _bYearling, _c2008. |
||
| 300 |
_a190 p. : _bill. ; _c20 cm. |
||
| 500 | _aOriginally published: London : Doubleday, 2003. | ||
| 650 | 0 |
_aBrothers _vJuvenile fiction. |
|
| 650 | 0 |
_aFamily secrets _vJuvenile fiction. |
|
| 700 | 1 |
_aSharratt, Nick. _eillustrator |
|
| 942 |
_2ddc _cNFIC |
||